Ashford Book of Weaving (Record no. 6466)

MARC details
000 -LEADER
fixed length control field 00718nam a2200193Ia 4500
005 - DATE AND TIME OF LATEST TRANSACTION
control field 20231016113711.0
008 - FIXED-LENGTH DATA ELEMENTS--GENERAL INFORMATION
fixed length control field 220524s9999 xx 000 0 und d
020 ## - INTERNATIONAL STANDARD BOOK NUMBER
International Standard Book Number 0713469900
041 ## - LANGUAGE CODE
Language code of text/sound track or separate title eng
082 ## - DEWEY DECIMAL CLASSIFICATION NUMBER
Classification number 746.14
100 ## - MAIN ENTRY--PERSONAL NAME
Author Field Anne
245 ## - TITLE STATEMENT
Title Ashford Book of Weaving
260 ## - PUBLICATION, DISTRIBUTION, ETC.
Name of publisher, distributor, etc. Batsford
Date of publication, distribution, etc. 1992
300 ## - PHYSICAL DESCRIPTION
Extent 200
520 ## - SUMMARY, ETC.
Summary, etc. SECTION ONE- The Looms <br/>1 Inkle Loom <br/>2 Rigid Heddle Loom <br/>3 Four-Shaft Table Loom <br/>4 Four-Shaft Jack Loom <br/>5 Eight-Shaft Table and Jack Looms<br/>SECTION TWO- Materials and Techniques<br/>6 Yarns <br/>7 Designing Woven Projects <br/>8 Pattern Drafting <br/>9 Finishings<br/>10 Weaving Projects <br/>
650 ## - SUBJECT ADDED ENTRY--TOPICAL TERM
Topical term or geographic name entry element Weaving
942 ## - ADDED ENTRY ELEMENTS (KOHA)
Koha item type Books
906 ## - LOCAL DATA ELEMENT F, LDF (RLIN)
a 60
Holdings
Withdrawn status Lost status Damaged status Not for loan Home library Current library Date acquired Vendor Net Price Total Checkouts Full call number Barcode Date last seen Actual Price Bill Date Koha item type Original Barcode
        School of Fashion Technology School of Fashion Technology 15/07/1999 The Word Book Shop 1070.00   746 SOFT-BK-1875 08/07/2022 909.50 08/07/2022 Books 001875